Izrael - a világ élvonalában a kutatás-fejlesztésben és a startupok területén

Bibliographic Details
Main Author: Gresó Erika
Other Authors: Antalóczy Dr. Katalin
Format: Thesis
Kulcsszavak:Izrael
Kutatás-fejlesztés
Startup
Oktatás
Honvédelem
Online Access:http://dolgozattar.uni-bge.hu/13878

MARC

LEADER 00000nta a2200000 i 4500
001 dolg13878
005 20180510091929.0
008 171211suuuu hu om 000 hun d
040 |a BGE Dolgozattár Repozitórium  |b hun 
041 |a hu 
100 1 |a Gresó Erika 
245 1 0 |a Izrael - a világ élvonalában a kutatás-fejlesztésben és a startupok területén  |c Gresó Erika  |h [elektronikus dokumentum] 
695 |a Izrael 
695 |a Kutatás-fejlesztés 
695 |a Startup 
695 |a Oktatás 
695 |a Honvédelem 
700 1 |a Antalóczy Dr. Katalin  |e ths 
856 4 0 |u http://dolgozattar.uni-bge.hu/13878/1/GRES%C3%93%20ERIKA%20-Szakdolgozat%20-%20IZRAEL%20-%202017.pdf  |z Dokumentum-elérés